Human Communication as Narration : Toward a Philosophy of Reason Value and Action
Saved in:
| Main Author: | |
|---|---|
| Format: | Book |
| Language: | English |
| Published: |
Carolina :
University of South Carolina Press,
c1987
|
| Series: | Studies in rhetoric and communication
|
| Subjects: | |
| Tags: |
Add Tag
No Tags, Be the first to tag this record!
|
MARC
| LEADER | 00000nam a2200000 i 4500 | ||
|---|---|---|---|
| 001 | 1/63087 | ||
| 008 | 960305s1987 eng d | ||
| 020 | |a 0-87249-500-0 | ||
| 035 | |a 1995 |c ΤΣΙΒΑΚΟΥ |l 10046730 | ||
| 040 | |a GR-MY-UA |b gre |e aacr | ||
| 041 | 0 | |a eng | |
| 082 | 0 | |a 302.2 | |
| 100 | 1 | |a Fisher, Walter R. | |
| 245 | 1 | 0 | |a Human Communication as Narration : |b Toward a Philosophy of Reason Value and Action / |c by Walter R. Fisher |
| 260 | |a Carolina : |b University of South Carolina Press, |c c1987 | ||
| 300 | |a 201 p.; |c 23 cm.+ | ||
| 490 | 1 | |a Studies in rhetoric and communication | |
| 500 | |a Includes indexes | ||
| 650 | 0 | 0 | |a Communication |x Philosophy. |
| 650 | 0 | 0 | |a Rhetoric. |
| 650 | 0 | 0 | |a Narration (Rhetoric) |
| 650 | 0 | 0 | |a Logic. |
| 650 | 0 | 0 | |a Reasoning. |
| 830 | 0 | |a Studies in rhetoric and communication | |
| 852 | |a INST |b SAMOS |e 19960305 |h 302.2 FIS |p 005300004709 |q 005300004709 |t BK |y 0 | ||
| 909 | |a Σ |b 040433 | ||